000 00187 a2200097 4500
020 _a9780439663816
041 _aspa
100 _aMireille d,Allance
245 _aNo, no y no
942 _cBK
999 _c12165
_d12165